000 00465nam a2200181Ia 4500
008 230524s9999 xx 000 0 und d
020 _a9788175966239
082 _a401.6
_bDUT
100 _aP Kiranmani Dutt
245 2 _aA Course in Communication Skills
250 _a1ST
260 _aNEW DELHI
_bFoundation
_c2008
300 _aV;219
500 _aQuantity Number: 65
650 _aEnglish
700 _a" Geetha Rajeevan , CLN Prakash,,,"
942 _cBK
999 _c39608
_d39608